Measurement and Instrumentation (Record no. 536338)
[ view plain ]
| 000 -LEADER | |
|---|---|
| fixed length control field | 00507nam a22001817a 4500 |
| 003 - CONTROL NUMBER IDENTIFIER | |
| control field | NUST |
| 005 - DATE AND TIME OF LATEST TRANSACTION | |
| control field | 20201013145225.0 |
| 008 - FIXED-LENGTH DATA ELEMENTS--GENERAL INFORMATION | |
| fixed length control field | 201013b ||||| |||| 00| 0 eng d |
| 020 ## - INTERNATIONAL STANDARD BOOK NUMBER | |
| International Standard Book Number | 9780123819604 |
| 038 ## - RECORD CONTENT LICENSOR | |
| Staff Name | Muzammil |
| 040 ## - CATALOGING SOURCE | |
| Original cataloging agency | SMME |
| 082 ## - DEWEY DECIMAL CLASSIFICATION NUMBER | |
| Classification number | 681.2 |
| Author Mark | MOR |
| 100 ## - MAIN ENTRY--PERSONAL NAME | |
| Personal name | Morris S. Alan |
| 9 (RLIN) | 31439 |
| 245 ## - TITLE STATEMENT | |
| Title | Measurement and Instrumentation |
| Remainder of title | theory and application |
| Statement of responsibility, etc. | Alan S. Morris & Reza Langari |
| 260 ## - PUBLICATION, DISTRIBUTION, ETC. | |
| Place of publication, distribution, etc. | New York |
| Name of publisher, distributor, etc. | Elsevier |
| Date of publication, distribution, etc. | 2012 |
| 300 ## - PHYSICAL DESCRIPTION | |
| Extent | xxi,617: pages |
| 942 ## - ADDED ENTRY ELEMENTS (KOHA) | |
| Source of classification or shelving scheme | |
| Koha item type | Book |
| Call number prefix | 681.2,MOR |
| Withdrawn status | Lost status | Source of classification or shelving scheme | Damaged status | Not for loan | Permanent Location | Current Location | Shelving location | Date acquired | Total Checkouts | Total Renewals | Full call number | Barcode | Date last seen | Date last checked out | Price effective from | Koha item type |
|---|---|---|---|---|---|---|---|---|---|---|---|---|---|---|---|---|
| School of Mechanical & Manufacturing Engineering (SMME) | School of Mechanical & Manufacturing Engineering (SMME) | General Stacks | 10/13/2020 | 3 | 3 | 681.2 MOR | SMME-1978 | 07/23/2025 | 01/27/2025 | 10/13/2020 | Book |
